15 Ciudades mas grandes de Polonia en un mapa - Estadísticas

Estadísticas generales
  • Esta prueba ha sido intentada 33 veces
  • La puntuación promedio es 9 de 15
Respuestas en el mapa
Las respuestas están codificadas por una escala verde-roja en el mapa de la prueba según el % correcto abajo.
 
Estadísticas de respuestas
Población Ciudad % Correcto
1,8 million Varsovia
100%
810 mil Cracovia
97%
490 mil Gdańsk
93%
280 mil Katowice
80%
650 mil Łódź
80%
330 mil Lublin
77%
540 mil Poznań
77%
670 mil Wrocław
73%
240 mil Gdynia
57%
390 mil Szczecin
53%
290 mil Białystok
50%
200 mil Rzeszów
37%
330 mil Bydgoszcz
23%
205 mil Częstochowa
20%
200 mil Radom
20%
No se encontraron pruebas coincidentes
Distribución de puntuación
Porcentaje de gente con cada puntuación
Porcentaje por número respondido
Historial de tus puntuaciones
No has intentado esta prueba.